| 000 | 00361pam a2200133a 44500 | ||
|---|---|---|---|
| 008 | 230405s2011 xxu||||| |||| 00| 0 eng d | ||
| 020 |
_a9350251744 _cRs. 450 |
||
| 082 |
_a610.73 _bBAS |
||
| 100 | _aBasavanthappa, B.T. | ||
| 245 | _aManagement of Nursing Services and Education | ||
| 260 |
_aNew Delhi _bJaypee Pub _c2011 |
||
| 300 | _a606 p | ||
| 906 | _a000919 | ||
| 999 |
_c249684 _d249684 |
||